| 000 | 00560nam a22002057a 4500 | ||
|---|---|---|---|
| 005 | 20260423161217.0 | ||
| 008 | 260423b |||||||| |||| 00| 0 eng d | ||
| 020 |
_a9789389538731 _c725.00 |
||
| 040 | _aMAIN | ||
| 041 | _aEnglish | ||
| 082 |
_a571.6 _bSTA |
||
| 100 |
_aStansfield, William D. _926727 |
||
| 245 | _aMolecular and Cell Biology | ||
| 260 |
_aChennai _bMcGraw Hill Education _c2020 |
||
| 300 | _a384 | ||
| 650 |
_aEnvironment Science (PM USHA) _926725 |
||
| 700 |
_aColome, Jaime S. _926728 |
||
| 700 |
_aCano, Raul J. _926729 |
||
| 942 | _cBK | ||
| 999 |
_c60716 _d60716 |
||